Finanční management

Salvato in:
Dettagli Bibliografici
Autore principale: Pivrnec, Jiří
Natura: Libro
Lingua:ceco
Pubblicazione: Praha Grada Publishing 1995
Edizione:1.
Soggetti:
Accesso online:Visualizza in OPAC
Tags: Aggiungi Tag
Nessun Tag, puoi essere il primo ad aggiungerne!!

MARC

LEADER 00000nam a2200000 a 4500
005 20260127134402.0
008 050808s1995 xr 000 0 cze
020 |a 8085623927 
035 |a vtls008220191 
035 |a SVKPOKN031670 
039 9 |a 200810070901  |b mschk03  |c 200508092216  |d VLOAD  |y 200508082317  |z VLOAD 
040 |a SVKPOKN  |b slo  |c SVKPOKN  |d SVKPO  |d STUSCHK1  |e AACR2 
041 0 |a cze  |h cze 
044 |a xr  |c CZ 
080 |a 658.14/.15(035) 
100 1 |a Pivrnec, Jiří 
245 1 0 |a Finanční management  |c Jiří Pivrnec 
250 |a 1. 
260 |a Praha  |b Grada Publishing  |c 1995 
300 |a 167 str. 
653 |a Manažment finančný-príručky 
653 |a Tlač  |a Brožúry 
655 7 |a odborné publikácie  |2 svkpo 
910 |a svkponkat 
910 |a SCHK95 
919 |a 80-85623-92-7 
999 |c 11453  |d 11453